Badgers: not all black and white (Record no. 69650)
[ view plain ]
| 000 -LEADER | |
|---|---|
| fixed length control field | 01215cam a2200229 4500 |
| 001 - CONTROL NUMBER | |
| control field | ABS65098 |
| 008 - FIXED-LENGTH DATA ELEMENTS--GENERAL INFORMATION | |
| fixed length control field | 020301n2002 000 0 eng u |
| 035 ## - SYSTEM CONTROL NUMBER | |
| System control number | (Sirsi) u116943 |
| 100 ## - MAIN ENTRY--PERSONAL NAME | |
| Personal name | Di Mambro, M-C. |
| 245 ## - TITLE STATEMENT | |
| Title | Badgers: not all black and white |
| 260 ## - PUBLICATION, DISTRIBUTION, ETC. | |
| Date of publication, distribution, etc. | 2002 |
| 490 ## - SERIES STATEMENT | |
| Series statement | CSM |
| -- | Chartered Surveyor Monthly |
| Volume/sequential designation | February 2002, 30(1) |
| 520 ## - SUMMARY, ETC. | |
| Summary, etc. | Highlights the need for chartered surveyors to record the presence of badger setts during residential surveys. Cites recent "Horsnell & Horsnell v Amos" where claimants argued they would not have bought a property if they had known of the presence of a badger sett, and that it had affected the value of the property. Court found that the value was not diminished, but that respondent was negligent in not noticing the sett, and ordered payment of £750. Concludes that low damages amount indicated that surveyors need not worry too much about missing a sett, as it could be regarded as an asset as well as a nuisance. |
| 590 ## - LOCAL NOTE (RLIN) | |
| Local note | ABS |
| 650 ## - SUBJECT ADDED ENTRY--TOPICAL TERM | |
| Topical term or geographic name entry element | HORSNELL & HORSNELL V AMOS |
| 650 ## - SUBJECT ADDED ENTRY--TOPICAL TERM | |
| Topical term or geographic name entry element | BADGERS |
| 650 ## - SUBJECT ADDED ENTRY--TOPICAL TERM | |
| Topical term or geographic name entry element | NEGLIGENCE |
| 650 ## - SUBJECT ADDED ENTRY--TOPICAL TERM | |
| Topical term or geographic name entry element | INSURANCE CLAIMS |
| 690 ## - LOCAL SUBJECT ADDED ENTRY--TOPICAL TERM (OCLC, RLIN) | |
| Topical term or geographic name as entry element | BUILT ENVIRONMENT-BUILDING INSPECTION |
| 700 ## - ADDED ENTRY--PERSONAL NAME | |
| Personal name | Haynes, L. |
| 942 ## - ADDED ENTRY ELEMENTS (KOHA) | |
| Suppress in OPAC | 0 |
| Withdrawn status | Lost status | Source of classification or shelving scheme | Damaged status | Not for loan | Home library | Current library | Shelving location | Date acquired | Total Checkouts | Full call number | Barcode | Date last seen | Copy number | Price effective from | Koha item type |
|---|---|---|---|---|---|---|---|---|---|---|---|---|---|---|---|
| Dewey Decimal Classification | London | London | Journal article | 01/03/2002 | ABS65098 | 116943-1001 | 06/08/2019 | 1 | 06/08/2019 | Journal article |